Online Catalogue and eLibrary

Aparajitha jeewithayak (Record no. 4880)

MARC details
000 -LEADER
fixed length control field 00406nam a2200169Ia 4500
005 - DATE AND TIME OF LATEST TRANSACTION
control field 20250411022829.0
008 - FIXED-LENGTH DATA ELEMENTS--GENERAL INFORMATION
fixed length control field 240331s9999 xx 000 0 und d
020 ## - INTERNATIONAL STANDARD BOOK NUMBER
ISBN 9559604007
082 ## - DDC Classification
Item Number - Author Mark SIN
Class No. 891
100 ## - MAIN ENTRY--PERSONAL NAME
Personal name Sinhaarachchi,C.L
245 #0 - TITLE STATEMENT
Title Aparajitha jeewithayak
250 ## - EDITION STATEMENT
Edition statement 2nd
260 ## - PUBLICATION, DISTRIBUTION, ETC.
Place of publication, distribution, etc. Colombo
Name of publisher, distributor, etc. Dayawansa jayakody & Company
Date of publication, distribution, etc. 1997
300 ## - PHYSICAL DESCRIPTION
Extent (e.g. Volumes, Pages etc.) 270 p .,
650 ## - SUBJECT ADDED ENTRY--TOPICAL TERM
Topical term or geographic name entry element Novel
942 ## - Koha item type (Biblio)
Koha item type Books in Stacks (Lending)
Holdings
Lost status Damaged status Collection code Home library Current library Shelving location Date acquired Full call number Accession Number Item type
    Lending WERC Library WERC Library Social Science Cupboard 03/31/2024 891.48 SIN 2842 Books in Stacks (Lending)

© WERC Library